00313nam a2200121Ia 4500008004100000040001600041041001200057082001500069100001700084245003500101260004000136300001500176230917s9999||||xx |||||||||||||| ||und|| e19330aMAIN aEnglish a330.9 R18E aRao, V K R V 0aEssays in economic development aBombaybAsia Publishing Housec1964 avi, 333 p.